000 00961cam a2200313 a 4500
001 4477735
003 ARRUPE
005 20150113115432.0
008 920302s1991 mnu b 001 0 eng
010 _a90045908
020 _a0800624262 (alk. paper)
035 _a(OCoLC)22276384
035 _a(OCoLC)ocm22276384
035 _a(NNC)4477735
040 _aDLC
_cDLC
_dDLC
_dNNUT
050 0 0 _aBT738
_b.F64 1991
090 _aBT738
_b.F64 1991
100 1 _aFolk, Jerry L.
_913764
245 1 0 _aDoing theology, doing justice /
_cJerry Folk.
260 _aMinneapolis :
_bFortress Press,
_cc1991.
300 _ax, 182 p. ;
_c22 cm.
504 _aIncludes bibliographical references (p. 169-175) and indexes.
650 0 _aChristian sociology.
_913765
650 0 _aChristianity and justice.
_913766
650 0 _aPeace
_xReligious aspects
_xChristianity.
_913767
650 0 _aTheology, Doctrinal.
_913768
942 _2lcc
_cMONOGRAPH
999 _c121603
_d121603